Single cell protein from renewable and nonrenewable resources: proceedings of the Symposium on Single Cell Protein Substrates presented at the First Chemical Congress of the North American Continent
Gespeichert in:
| Hauptverfasser: | , |
|---|---|
| Format: | Buch |
| Sprache: | Englisch |
| Veröffentlicht: |
Nueva York
John Wiley
1977
|
| Schriftenreihe: | Biotechnology and Bioengineering Symposium, 7
|
| Schlagworte: | |
| Tags: |
Tag hinzufügen
Keine Tags, Fügen Sie den ersten Tag hinzu!
|
MARC
| LEADER | 00000nam a2200000 a 4500 | ||
|---|---|---|---|
| 001 | UCU4710 | ||
| 003 | CL-VaPUC | ||
| 005 | 20230622161624.0 | ||
| 008 | 960524e19770000us 1 eng d | ||
| 082 | 0 | 4 | |a 660.6 |b GAD |2 21 |
| 100 | 1 | |a Gaden, Elmer L |e author |9 617776 | |
| 700 | 1 | |a Humphrey, Arthur E |e author |9 617777 | |
| 245 | 1 | 0 | |a Single cell protein from renewable and nonrenewable resources: proceedings of the Symposium on Single Cell Protein Substrates presented at the First Chemical Congress of the North American Continent |
| 260 | |a Nueva York |b John Wiley |c 1977 | ||
| 300 | |a v | ||
| 490 | 0 | |a Biotechnology and Bioengineering Symposium, 7 | |
| 583 | |a last modification |c 19960524 00:00:00 |k Rodrigo Vera | ||
| 650 | 0 | 0 | |a Biotecnología |9 259561 |
| 650 | 0 | 0 | |a Células |9 269548 |
| 650 | 0 | 0 | |a Fermentación |9 259565 |
| 650 | 0 | 7 | |a QUESO |2 CL-VaPUC |9 362346 |
| 650 | 0 | 7 | |a PROTEINAS |2 CL-VaPUC |9 617778 |
| 650 | 0 | 0 | |a Alcohol etílico |9 361277 |
| 942 | |c BK | ||
| 945 | |a paguirre |d 19960524 00:00:00 | ||
| 546 | |a En Inglés | ||
| 518 | |p Chemical Congress of the North American Continent, 1, México, 30 de Noviembre al 5 de Diciembre de 1975 | ||
| 999 | |c 382634 |d 382632 | ||
| 952 | |0 0 |1 0 |4 0 |6 660_600000000000000_GAD_1977 |7 0 |8 A |9 504428 |a BIBING |b BIBING |d 2020-01-23 |i 260759K |o 660.6 GAD 1977 |p 260759K |r 2025-01-20 |w 2020-01-23 |y BK |k EIB | ||